000 00283nam a22001097a 4500
999 _c160095
_d160095
082 _a
_b
100 _aGayatri N
245 _aLeeladhar jagooti ki kavita aak visleshnathmak adhyayan/
_cby Gayatri N.
260 _aMathura:
_bJawahar Pustakalaya,
_c2014.
650 _a
942 _cBK